[Event "II Weekend Hotel West End"]
[Site "Alassio ITA"]
[Date "2016.10.01"]
[Round "2"]
[White "Gardini, Enrico"]
[Black "Vaccaro, Franco"]
[WhiteElo "1711"]
[BlackElo "1538"]
[Result "1/2-1/2"]
[PlyCount "146"]
[EventDate "2016.09.30"]

1. e4 c5 2. Nf3 Nc6 3. Bc4 d6 4. Nc3 Nf6 5. O-O g6 6. h3 Bg7 7. a3 a6 8. Re1 e5
9. Qe2 O-O 10. Nd5 Nxd5 11. Bxd5 Qe8 12. d3 Be6 13. Bxe6 Qxe6 14. Be3 f5 15.
exf5 gxf5 16. Ng5 Qg6 17. Nf3 f4 18. Bc1 Bf6 19. c3 Rf7 20. Qe4 Rg7 21. Qxg6
Rxg6 22. Nd2 Kf7 23. f3 Rag8 24. Re2 Ne7 25. Ne4 Nf5 26. b4 Be7 27. Raa2 Ke6
28. bxc5 dxc5 29. Rab2 b5 30. Kh2 Kd7 31. Rbd2 Kc6 32. Bb2 Ng3 33. Nxg3 fxg3+
34. Kg1 Bg5 35. Rd1 Re6 36. d4 Rd8 37. Kf1 Bf4 38. Rde1 Red6 39. dxe5 Rd2 40.
e6 Rxe2 41. Rxe2 Rd1+ 42. Re1 Rxe1+ 43. Kxe1 Kd6 44. Ke2 Kxe6 45. Kd3 Kd5 46.
a4 c4+ 47. Kc2 h5 48. axb5 axb5 49. Ba3 Be5 50. Kb2 Kc6 51. Bb4 Bf4 52. Ka3 Be5
53. Kb2 Bf4 54. Kc2 Kd5 55. Be7 Be5 56. Bg5 Ke6 57. Bd8 Bf4 58. Bb6 Kd5 59. Kd1
Kd6 60. Bd4 Kd5 61. Bf6 Ke6 62. Bg7 Kd5 63. Ke2 Ke6 64. Bd4 Kd5 65. Bg7 Ke6 66.
Kd1 Kd5 67. Kc2 Kc6 68. Kb2 Kd5 69. Ka3 Bd6+ 70. Kb2 Bf4 71. Bf8 Be5 72. Be7
Bg7 73. Bb4 Be5 1/2-1/2

[Event "II Weekend Hotel West End"]
[Site "Alassio ITA"]
[Date "2016.10.01"]
[Round "2"]
[White "Gatti, Matteo"]
[Black "Biancotti, Alessandro"]
[WhiteElo "1347"]
[BlackElo "1855"]
[Result "0-1"]
[PlyCount "60"]
[EventDate "2016.09.30"]

1. e4 c5 2. Nf3 d6 3. d4 cxd4 4. Nxd4 Nf6 5. Nc3 g6 6. Be3 Bg7 7. Be2 O-O 8.
O-O Nc6 9. Qd2 d5 10. exd5 Nxd5 11. Rfd1 Nxe3 12. fxe3 Nxd4 13. exd4 Bd7 14.
Ne4 Qb6 15. c3 Rad8 16. Nc5 Bc6 17. Bc4 e5 18. Nb3 exd4 19. cxd4 Bd5 20. Bxd5
Rxd5 21. Rac1 a5 22. Rc4 Qa7 23. a4 Rfd8 24. Qd3 b5 25. axb5 a4 26. Na1 Rxd4
27. Rxd4 Rxd4 28. Qxd4 Bxd4+ 29. Kh1 Bxb2 30. Nc2 a3 0-1

[Event "II Weekend Hotel West End"]
[Site "Alassio ITA"]
[Date "2016.10.01"]
[Round "2"]
[White "Joguet, Patrick"]
[Black "Pineau, Jean"]
[WhiteElo "1647"]
[BlackElo "1440"]
[Result "1-0"]
[PlyCount "137"]
[EventDate "2016.09.30"]

1. d4 f5 2. g3 Nf6 3. Bg2 g6 4. Nh3 Bg7 5. O-O O-O 6. Nd2 c6 7. Nf4 d5 8. c4
Re8 9. cxd5 cxd5 10. Qb3 e6 11. Nf3 Nc6 12. Nd3 Qc7 13. Bf4 Qb6 14. Qxb6 axb6
15. Nde5 Ne4 16. Rfc1 g5 17. Nxc6 bxc6 18. Be5 g4 19. Ne1 Bd7 20. Nd3 Bxe5 21.
Nxe5 Ra7 22. Nxc6 Bxc6 23. Rxc6 Ra4 24. e3 Nd2 25. Rxb6 Nf3+ 26. Bxf3 gxf3 27.
b3 Raa8 28. Rc6 Kf7 29. Kf1 Ra7 30. Rc2 Rb8 31. Rb2 Rc7 32. Ke1 Kf6 33. Kd2 e5
34. Rc2 Rxc2+ 35. Kxc2 exd4 36. exd4 Re8 37. Rd1 Re2+ 38. Rd2 Re1 39. b4 Kg5
40. b5 f4 41. b6 Re6 42. Rd3 Rxb6 43. Rxf3 fxg3 44. hxg3 Rc6+ 45. Rc3 Re6 46.
Re3 Rc6+ 47. Kd2 Rd6 48. a3 Rb6 49. Re5+ Kg4 50. Rxd5 Rb2+ 51. Ke1 Kf3 52. Rf5+
Kg2 53. a4 Rb4 54. Ke2 Rxd4 55. a5 Ra4 56. Kd3 Ra3+ 57. Kc4 Ra1 58. Kb5 Rb1+
59. Kc6 Ra1 60. Kb7 Rb1+ 61. Ka7 Kf1 62. a6 Ke2 63. Rf6 Kd3 64. Rb6 Ra1 65. Kb7
Kc4 66. a7 Kc5 67. Rb2 Kd6 68. a8=Q Rxa8 69. Kxa8 1-0

[Event "II Weekend Hotel West End"]
[Site "Alassio ITA"]
[Date "2016.10.01"]
[Round "2"]
[White "Mercandelli, Claudio"]
[Black "Delucis, Mauro"]
[WhiteElo "1863"]
[BlackElo "1388"]
[Result "1-0"]
[PlyCount "99"]
[EventDate "2016.09.30"]

1. Nf3 d5 2. d4 Nf6 3. e3 e6 4. Bd3 c5 5. c3 Nc6 6. Nbd2 c4 7. Bb1 Bd6 8. O-O
Qc7 9. h3 Bd7 10. Qe2 O-O-O 11. e4 e5 12. exd5 Nxd5 13. Nxc4 exd4 14. Nxd6+
Qxd6 15. cxd4 Nf4 16. Bxf4 Qxf4 17. d5 Nd4 18. Qc4+ Kb8 19. Qxd4 Qh6 20. Rd1
Bxh3 21. Qh4 Rxd5 22. Rxd5 Qc1+ 23. Kh2 Qc7+ 24. Qg3 Qxg3+ 25. Kxg3 Be6 26. Be4
f5 27. Nd4 Bxd5 28. Bxd5 Rd8 29. Nxf5 Rxd5 30. Ne3 Rd2 31. b3 b5 32. a4 Rb2 33.
axb5 Rxb3 34. Rh1 h6 35. Rh5 Kb7 36. Re5 Kb6 37. Re7 Ra3 38. Rxg7 Kxb5 39. Rh7
a5 40. Rxh6 Rc3 41. Rh1 a4 42. Rb1+ Rb3 43. Rxb3+ axb3 44. Nd1 Kc4 45. f4 Kd3
46. f5 Kc2 47. f6 Kxd1 48. f7 b2 49. f8=Q b1=Q 50. Qf1+ 1-0

[Event "II Weekend Hotel West End"]
[Site "Alassio ITA"]
[Date "2016.10.01"]
[Round "2"]
[White "Novaria, Ivan"]
[Black "Altieri, Danilo Mario"]
[WhiteElo "1769"]
[BlackElo "1977"]
[Result "0-1"]
[PlyCount "80"]
[EventDate "2016.09.30"]

1. e4 d6 2. d4 Nf6 3. Nc3 e5 4. dxe5 dxe5 5. Qxd8+ Kxd8 6. Bg5 Be6 7. O-O-O+
Nbd7 8. f4 exf4 9. Bxf6+ gxf6 10. Be2 c6 11. a3 Kc7 12. Bf3 b5 13. Nge2 Bc5 14.
Kb1 Be3 15. Nc1 a5 16. N3e2 b4 17. a4 Ne5 18. b3 c5 19. Nd3 Nxd3 20. Rxd3 c4
21. bxc4 Bxc4 22. Rdd1 Rad8 23. g3 fxg3 24. Nxg3 Be6 25. Nf5 Bf4 26. h3 Bd7 27.
Bh5 Bxa4 28. Bxf7 Bc6 29. Bd5 Bxd5 30. exd5 Be5 31. Ng7 Rc8 32. Ne6+ Kd6 33.
Rhg1 Rc3 34. Rg7 Ra3 35. c4 bxc3 36. Ra7 Ra1+ 37. Kc2 Rxd1 38. Kxd1 Kxd5 39.
Nc7+ Kc6 40. Ne6 Kb6 0-1

[Event "II Weekend Hotel West End"]
[Site "Alassio ITA"]
[Date "2016.10.01"]
[Round "2"]
[White "Passerotti, Pierluigi"]
[Black "Montani, Riccardo"]
[WhiteElo "2269"]
[BlackElo "1849"]
[Result "1-0"]
[PlyCount "53"]
[EventDate "2016.09.30"]

1. d4 Nf6 2. c4 c5 3. Nf3 cxd4 4. Nxd4 e5 5. Nb5 d5 6. cxd5 Bc5 7. e3 O-O 8.
N5c3 e4 9. Nd2 Qe7 10. a3 Rd8 11. b4 Bb6 12. Qc2 Bf5 13. h3 Nbd7 14. Nc4 Bc7
15. Bb2 Ne5 16. Nxe5 Bxe5 17. Rd1 a6 18. Be2 Rd6 19. b5 Rad8 20. bxa6 bxa6 21.
Rd2 Nd7 22. Na4 Bxb2 23. Nxb2 Qg5 24. g4 Bg6 25. h4 Qe7 26. h5 Nc5 27. Qxc5 1-0

[Event "II Weekend Hotel West End"]
[Site "Alassio ITA"]
[Date "2016.10.01"]
[Round "2"]
[White "Pedemonte, Claudio"]
[Black "Petrini, Alberto"]
[WhiteElo "1730"]
[BlackElo "1919"]
[Result "1/2-1/2"]
[PlyCount "59"]
[EventDate "2016.09.30"]

1. c4 Nf6 2. d4 g6 3. Nc3 Bg7 4. e4 d6 5. Nf3 O-O 6. Be2 e5 7. dxe5 dxe5 8.
Qxd8 Rxd8 9. Bg5 Re8 10. Nd5 Nxd5 11. cxd5 c6 12. Bc4 cxd5 13. Bxd5 Na6 14. Nd2
Nc5 15. O-O-O Be6 16. Bxe6 Nxe6 17. Be3 Red8 18. Nf3 b6 19. Ng5 Nxg5 20. Bxg5
f6 21. Bh4 Kf7 22. f3 Bh6+ 23. Kb1 Be3 24. Rhe1 Bd4 25. Re2 Ke6 26. Bf2 Bxf2
27. Rxd8 Rxd8 28. Rxf2 Rc8 29. Rd2 h5 30. h4 1/2-1/2

[Event "II Weekend Hotel West End"]
[Site "Alassio ITA"]
[Date "2016.10.01"]
[Round "2"]
[White "Picasso, Filippo"]
[Black "Grasso, Gabriele"]
[WhiteElo "1474"]
[BlackElo "1709"]
[Result "0-1"]
[PlyCount "58"]
[EventDate "2016.09.30"]

1. d4 e6 2. Bf4 f5 3. Nf3 Nf6 4. e3 b6 5. Bd3 Bb7 6. Nbd2 Nc6 7. c3 Ne7 8. Qc2
Ng6 9. O-O-O Nxf4 10. exf4 c5 11. dxc5 Bxc5 12. Nc4 Ne4 13. Nd4 O-O 14. f3 Nf6
15. Kb1 Bxd4 16. cxd4 Nd5 17. Nd6 Bc6 18. Qd2 Qc7 19. Nc4 Nxf4 20. Ne5 Nxd3 21.
Nxc6 Qxc6 22. Qxd3 Rac8 23. d5 Qc7 24. dxe6 dxe6 25. Rc1 Qb7 26. Rxc8 Rxc8 27.
Re1 Qc6 28. Qb3 Kf8 29. Qxe6 Qc2+ 0-1

[Event "II Weekend Hotel West End"]
[Site "Alassio ITA"]
[Date "2016.10.01"]
[Round "2"]
[White "Pino, Gianfranco"]
[Black "Ustianovich, Nazar"]
[WhiteElo "1853"]
[BlackElo "2316"]
[Result "0-1"]
[PlyCount "54"]
[EventDate "2016.09.30"]

1. d4 f5 2. Nf3 Nf6 3. g3 e6 4. Bg2 d5 5. O-O Bd6 6. c4 O-O 7. Nc3 c6 8. Bf4
Bxf4 9. gxf4 Bd7 10. e3 Be8 11. Qb3 Qe7 12. Rac1 Bh5 13. cxd5 exd5 14. Ne5 Na6
15. Rfe1 Kh8 16. a3 Ne8 17. Qa4 Nac7 18. b4 Nd6 19. Qc2 Rf6 20. Ne2 Bxe2 21.
Qxe2 Rg8 22. Nf3 Rh6 23. Ng5 Ne6 24. Nxe6 Qxe6 25. f3 g5 26. fxg5 Rxg5 27. h3
Rhg6 0-1

[Event "II Weekend Hotel West End"]
[Site "Alassio ITA"]
[Date "2016.10.01"]
[Round "2"]
[White "Pivari, Flavio"]
[Black "Gandolfo, Gianluca"]
[WhiteElo "1526"]
[BlackElo "1712"]
[Result "1-0"]
[PlyCount "47"]
[EventDate "2016.09.30"]

1. e4 c5 2. Nf3 d6 3. d4 cxd4 4. Nxd4 Nf6 5. Nc3 a6 6. Bg5 e6 7. f4 Be7 8. Qf3
Nbd7 9. Bc4 e5 10. Nf5 Bf8 11. O-O-O Nc5 12. fxe5 h6 13. Bxf6 gxf6 14. Nxd6+
Bxd6 15. Rxd6 Qe7 16. Rhd1 O-O 17. exf6 Qe5 18. R6d5 Qc7 19. Rh5 Be6 20. e5 Kh7
21. Bd3+ Nxd3+ 22. Qxd3+ Kg8 23. Qg3+ Kh8 24. Qg7# 1-0

[Event "II Weekend Hotel West End"]
[Site "Alassio ITA"]
[Date "2016.10.01"]
[Round "2"]
[White "Roversi, Stefano"]
[Black "Boasso, Andrea"]
[WhiteElo "1762"]
[BlackElo "1563"]
[Result "1-0"]
[PlyCount "139"]
[EventDate "2016.09.30"]

1. e4 e5 2. Nf3 Nc6 3. Bb5 a6 4. Ba4 Nf6 5. O-O b5 6. Bb3 Be7 7. Re1 O-O 8. d4
d6 9. c3 Bb7 10. Nbd2 exd4 11. cxd4 Re8 12. Ng5 d5 13. e5 Nd7 14. Nxf7 Kxf7 15.
Bxd5+ Kf8 16. Qf3+ Nf6 17. exf6 Bxf6 18. Rxe8+ Qxe8 19. Bxc6 Qxc6 20. Qxc6 Bxc6
21. Nb3 Bd5 22. Be3 Rc8 23. Nc5 a5 24. b3 Kf7 25. Rc1 Ke8 26. Nd3 c6 27. Nf4
Bf7 28. d5 Kd7 29. dxc6+ Rxc6 30. Rxc6 Kxc6 31. Ne2 b4 32. Bd4 a4 33. Bxf6 gxf6
34. f4 axb3 35. axb3 Kc5 36. Nc1 h5 37. Kf2 Bd5 38. g3 f5 39. Ke3 Be4 40. h3
Bc2 41. Kd2 Be4 42. Ke3 Bc2 43. Kd2 Be4 44. Ne2 Kd5 45. Ke3 Bc2 46. Nd4 Be4 47.
Nf3 Bxf3 48. Kxf3 Kd4 49. g4 hxg4+ 50. hxg4 fxg4+ 51. Kxg4 Kc3 52. f5 Kxb3 53.
f6 Ka2 54. f7 b3 55. f8=Q b2 56. Qf7+ Ka1 57. Qa7+ Kb1 58. Kf3 Kc2 59. Qc5+ Kb3
60. Qb5+ Kc2 61. Qc4+ Kb1 62. Ke2 Ka1 63. Qa4+ Kb1 64. Qb3 Ka1 65. Qa3+ Kb1 66.
Kd3 Kc1 67. Qc3+ Kb1 68. Qb3 Ka1 69. Qa3+ Kb1 70. Kc3 1-0

[Event "II Weekend Hotel West End"]
[Site "Alassio ITA"]
[Date "2016.10.01"]
[Round "2"]
[White "Scarrone, Eugenio"]
[Black "Coqueraut, Lodewyk"]
[WhiteElo "1438"]
[BlackElo "1650"]
[Result "0-1"]
[PlyCount "126"]
[EventDate "2016.09.30"]

1. e4 c5 2. Nf3 d6 3. d4 cxd4 4. Nxd4 Nf6 5. Nc3 a6 6. Bg5 e6 7. Bc4 Be7 8. O-O
O-O 9. f4 Nc6 10. Nxc6 bxc6 11. Rb1 Qc7 12. Qf3 Bb7 13. Qg3 Kh8 14. Bd3 e5 15.
Bxf6 Bxf6 16. f5 Rg8 17. Qh3 Qe7 18. Rbd1 d5 19. Kh1 Rac8 20. a3 d4 21. Na4 c5
22. Nb6 Rcd8 23. Qh5 g6 24. Qe2 gxf5 25. Rxf5 Rg5 26. Rdf1 Rd6 27. Nc4 Rxf5 28.
Rxf5 Rd8 29. Qf3 Kg7 30. Qg3+ Kf8 31. Nxe5 Rd6 32. Qf4 Bc8 33. Qh6+ Ke8 34.
Qxh7 Bxf5 35. Qg8+ Qf8 36. Qxf8+ Kxf8 37. Nc4 Re6 38. h3 Bxe4 39. Nd2 Bxd3 40.
cxd3 Re1+ 41. Kh2 Re3 42. Ne4 Be5+ 43. g3 Rxd3 44. Nxc5 Rd2+ 45. Kg1 Bxg3 46.
Ne4 Rd1+ 47. Kg2 Be5 48. Kf3 f5 49. Nc5 Ke7 50. Ke2 Rh1 51. Nd3 Rh2+ 52. Kd1
Bd6 53. Ke1 a5 54. Kf1 Rxh3 55. Nf2 Rb3 56. Nd1 Ke6 57. Ke2 f4 58. Kd2 Kf5 59.
Kc2 a4 60. Nf2 Rf3 61. Nd3 Ke4 62. Ne1 Rf2+ 63. Kb1 Rf1 0-1

[Event "II Weekend Hotel West End"]
[Site "Alassio ITA"]
[Date "2016.10.01"]
[Round "2"]
[White "Traverso, Massimiliano"]
[Black "Cairo, Serge"]
[WhiteElo "1939"]
[BlackElo "1765"]
[Result "1-0"]
[PlyCount "53"]
[EventDate "2016.09.30"]

1. e4 e5 2. Nf3 Nc6 3. d4 exd4 4. Nxd4 Qh4 5. Nc3 Bb4 6. Be2 Qxe4 7. Ndb5 Ba5
8. Nxc7+ Kd8 9. Nxa8 Nd4 10. O-O Bxc3 11. Bd3 Qc6 12. bxc3 Ne6 13. Qe2 Nf6 14.
Bb5 Qxc3 15. Bd2 Qc5 16. Be3 Qa3 17. Bc4 Re8 18. Qf3 Qb4 19. Bxe6 fxe6 20. Bg5
Rf8 21. Qg3 Qc5 22. Be3 Qc6 23. Bxa7 Nd5 24. c4 Qxc4 25. Nb6 Nxb6 26. Bxb6+ Ke8
27. Rac1 1-0

[Event "II Weekend Hotel West End"]
[Site "Alassio ITA"]
[Date "2016.10.01"]
[Round "2"]
[White "Zannoni, Gianni"]
[Black "Petrini, Emanuela"]
[WhiteElo "1724"]
[BlackElo "1543"]
[Result "0-1"]
[PlyCount "74"]
[EventDate "2016.09.30"]

1. Nf3 Nc6 2. d4 d5 3. c4 e6 4. Bf4 Bd6 5. e3 Bxf4 6. exf4 Nge7 7. c5 a6 8. Nc3
O-O 9. Bd3 Re8 10. Bxh7+ Kxh7 11. Ng5+ Kg8 12. Qh5 Ng6 13. O-O-O Qf6 14. Qh7+
Kf8 15. g3 Rd8 16. Ne2 Ke7 17. Qh5 Rh8 18. Qf3 b6 19. Qa3 b5 20. Nf3 Bd7 21. h4
Qf5 22. Rhe1 a5 23. Ng5 f6 24. Nf3 b4 25. Qe3 Qe4 26. Neg1 Qxe3+ 27. Rxe3 Kf7
28. Ne2 a4 29. Kc2 Na5 30. Nd2 Bb5 31. Nc1 Nc6 32. Nf3 Nge7 33. g4 Ng6 34. f5
exf5 35. gxf5 Nxh4 36. Nxh4 Rxh4 37. Rg3 Nxd4+ 0-1

[Event "II Weekend Hotel West End"]
[Site "Alassio ITA"]
[Date "2016.10.01"]
[Round "3"]
[White "Altieri, Danilo Mario"]
[Black "Passerotti, Pierluigi"]
[WhiteElo "1977"]
[BlackElo "2269"]
[Result "0-1"]
[PlyCount "146"]
[EventDate "2016.09.30"]

1. Nf3 d5 2. g3 c6 3. Bg2 Bf5 4. d4 Nd7 5. c3 h6 6. O-O e6 7. Nbd2 Ngf6 8. Ne5
Nxe5 9. dxe5 Ng4 10. Nf3 Be4 11. Qd4 c5 12. Qa4+ Qd7 13. Qxd7+ Kxd7 14. Re1 f6
15. exf6 Nxf6 16. Ne5+ Kc7 17. c4 Bd6 18. Nf7 Rhe8 19. Nxd6 Kxd6 20. Bxe4 dxe4
21. h3 e5 22. Be3 Kc6 23. Red1 Rad8 24. Kf1 a6 25. Ke1 Rd7 26. Rd2 Red8 27.
Rad1 b6 28. b3 Ne8 29. Rxd7 Rxd7 30. Rxd7 Kxd7 31. Bd2 h5 32. Bc3 Ke6 33. Kd2
Kf5 34. Ke3 Nf6 35. Bb2 g5 36. Bc3 g4 37. h4 b5 38. cxb5 axb5 39. a4 b4 40. Bb2
Nd5+ 41. Kd2 e3+ 42. fxe3 Ke4 43. a5 Nc7 44. Ba1 Na6 45. Bb2 Kd5 46. Kc2 e4 47.
Bf6 Kc6 48. Bd8 Kb5 49. Kb2 Nb8 50. Be7 Nd7 51. Bd8 Ne5 52. Bc7 Nc6 53. Bd6
Nxa5 54. Be7 c4 55. bxc4+ Nxc4+ 56. Kb3 Na5+ 57. Kc2 Kc4 58. Bf6 Nb3 59. Be7
Nc5 60. Bf6 Na4 61. Bg7 Nb6 62. Kb2 Nd5 63. Bd4 Ne7 64. Be5 Nf5 65. Bf4 b3 66.
Kc1 Kc3 67. Be5+ Kb4 68. Bf4 Ka3 69. Kb1 b2 70. Be5 Kb3 71. Bf4 Kc3 72. Be5+
Kd2 73. Kxb2 Kxe3 0-1

[Event "II Weekend Hotel West End"]
[Site "Alassio ITA"]
[Date "2016.10.01"]
[Round "3"]
[White "Benenati, Gianfranco"]
[Black "Joguet, Patrick"]
[WhiteElo "1810"]
[BlackElo "1647"]
[Result "0-1"]
[PlyCount "114"]
[EventDate "2016.09.30"]

1. e4 Nf6 2. e5 Nd5 3. c4 Nb6 4. d4 d6 5. exd6 cxd6 6. Nf3 g6 7. Nc3 Bg7 8. Be2
O-O 9. O-O Nc6 10. Bg5 Bg4 11. d5 Bxf3 12. gxf3 Ne5 13. Rc1 Nexc4 14. b3 Ne5
15. f4 Ned7 16. Ne4 Nf6 17. Bxf6 exf6 18. Bf3 Qd7 19. Qd2 Rac8 20. Rfd1 Rxc1
21. Qxc1 f5 22. Ng3 Rc8 23. Qe3 Rc3 24. Rd3 Rxd3 25. Qxd3 Qc7 26. Ne2 Qc5 27.
a4 Qb4 28. Qe3 Kf8 29. h4 a6 30. Kg2 Nc8 31. Qc1 Qc5 32. Qd2 a5 33. h5 Nb6 34.
hxg6 hxg6 35. Ng1 Qc3 36. Qxc3 Bxc3 37. Ne2 Bf6 38. Ng3 Nd7 39. Bd1 Nc5 40. Bc2
Ke7 41. Nf1 Kd7 42. Ne3 Kc7 43. Nc4 b6 44. Kf3 Na6 45. Ne3 Nb4 46. Ke2 Bd4 47.
Bxf5 Bxe3 48. Be4 Bxf4 49. Kf3 Bh6 50. Kg4 Na6 51. Bc2 Nc5 52. Kf3 Nd7 53. Ke4
f5+ 54. Kd4 Bg7+ 55. Kc4 Ne5+ 56. Kb5 Ng4 57. f3 Ne3 0-1

[Event "II Weekend Hotel West End"]
[Site "Alassio ITA"]
[Date "2016.10.01"]
[Round "3"]
[White "Biancotti, Alessandro"]
[Black "Angelini, Marco"]
[WhiteElo "1855"]
[BlackElo "2203"]
[Result "0-1"]
[PlyCount "74"]
[EventDate "2016.09.30"]

1. e4 c5 2. Nf3 d6 3. c3 Nf6 4. Bb5+ Nbd7 5. Qe2 e6 6. d4 Be7 7. O-O O-O 8. Re1
Qc7 9. Bg5 Re8 10. Nbd2 a6 11. Bd3 Nf8 12. Nf1 b5 13. N3d2 e5 14. d5 c4 15. Bc2
h6 16. Bh4 g5 17. Bg3 Ng6 18. h3 Bf8 19. Bh2 Bg7 20. Ng3 Nf4 21. Qe3 Nh7 22. a4
Bd7 23. axb5 axb5 24. Ne2 Nf8 25. Nxf4 exf4 26. Qe2 Ng6 27. Nf3 Qc5 28. Qd2 Bf6
29. h4 Kg7 30. hxg5 hxg5 31. g3 g4 32. Nd4 f3 33. Kf1 Rxa1 34. Rxa1 Rh8 35. Bg1
Qc8 36. Nf5+ Bxf5 37. exf5 Rh1 0-1

[Event "II Weekend Hotel West End"]
[Site "Alassio ITA"]
[Date "2016.10.01"]
[Round "3"]
[White "Boasso, Andrea"]
[Black "Scarrone, Eugenio"]
[WhiteElo "1563"]
[BlackElo "1438"]
[Result "0-1"]
[PlyCount "136"]
[EventDate "2016.09.30"]

1. e4 e5 2. Nf3 Nc6 3. Bc4 Nf6 4. d3 Bc5 5. O-O d6 6. c3 Bg4 7. h3 h5 8. Bg5 a6
9. hxg4 hxg4 10. Nh2 g3 11. Ng4 gxf2+ 12. Nxf2 Qe7 13. b4 Bb6 14. Bd5 O-O-O 15.
Qf3 Rh7 16. Qf5+ Kb8 17. Qxh7 Nxh7 18. Bxe7 Nxe7 19. Nd2 f5 20. a4 Ng5 21. a5
Be3 22. Nc4 Bf4 23. Nh3 Nxh3+ 24. gxh3 g5 25. Kg2 Ng6 26. exf5 Nh4+ 27. Kf2
Nxf5 28. Rab1 Ne7 29. Bf3 d5 30. Ne3 d4 31. cxd4 exd4 32. Ng2 Bd6 33. Rfe1 Rf8
34. Kg1 Rxf3 35. h4 Rxd3 36. hxg5 Rg3 37. Rbd1 Nc6 38. Re8+ Ka7 39. Rg8 Bxb4
40. Kf2 Ra3 41. Nf4 Rxa5 42. Ne6 Bd6 43. g6 Ne7 44. Rg7 Rf5+ 45. Kg2 c5 46. Rf7
Re5 47. Rf6 Nf5 48. Rd2 Re3 49. Rxf5 Rxe6 50. Rg5 Re8 51. Rf2 Rg8 52. g7 d3 53.
Rd2 Bf4 54. Rxc5 Rxg7+ 55. Kf3 Bxd2 56. Rd5 Rf7+ 57. Ke4 Bh6 58. Kxd3 Bg7 59.
Kc4 b5+ 60. Kb3 Rb7 61. Kb4 Bf8+ 62. Kb3 a5 63. Rf5 a4+ 64. Ka2 Bb4 65. Rf4 Bd6
66. Rd4 Bc7 67. Ka3 Rb6 68. Rd5 Bd6+ 0-1

[Event "II Weekend Hotel West End"]
[Site "Alassio ITA"]
[Date "2016.10.01"]
[Round "3"]
[White "Cairo, Serge"]
[Black "Pivari, Flavio"]
[WhiteElo "1765"]
[BlackElo "1526"]
[Result "1-0"]
[PlyCount "73"]
[EventDate "2016.09.30"]

1. d4 Nf6 2. c4 e6 3. Nc3 d5 4. Nf3 Bb4 5. Bg5 c5 6. e3 Nc6 7. cxd5 exd5 8. g3
O-O 9. Bg2 cxd4 10. Nxd4 h6 11. Bxf6 Qxf6 12. O-O Bxc3 13. bxc3 Rd8 14. Qb3
Nxd4 15. cxd4 Qd6 16. Rac1 b6 17. Qb5 Bb7 18. Rc3 a6 19. Qb3 b5 20. Rfc1 Qb6
21. Rc5 Rac8 22. Rxc8 Bxc8 23. Bxd5 Qf6 24. Bg2 Be6 25. d5 Bg4 26. e4 Be2 27.
Qc3 Qb6 28. Qc7 Qf6 29. e5 Qg5 30. f4 Qg4 31. Qxd8+ Kh7 32. Qh4 Qf5 33. Re1 Qd3
34. g4 Qc4 35. d6 g5 36. fxg5 h5 37. Qxh5+ 1-0

[Event "II Weekend Hotel West End"]
[Site "Alassio ITA"]
[Date "2016.10.01"]
[Round "3"]
[White "Coqueraut, Lodewyk"]
[Black "Caputi, Giuliano"]
[WhiteElo "1650"]
[BlackElo "1834"]
[Result "0-1"]
[PlyCount "102"]
[EventDate "2016.09.30"]

1. c4 c6 2. Nf3 d5 3. cxd5 cxd5 4. d4 Nc6 5. g3 Nf6 6. Bg2 Bg4 7. Bf4 Bxf3 8.
Bxf3 Qb6 9. Nd2 Nxd4 10. O-O Nxf3+ 11. exf3 e6 12. Nb3 Bd6 13. Be3 Qd8 14. Rc1
b6 15. Nd4 O-O 16. f4 Qd7 17. Qe2 Rfc8 18. Kg2 Rxc1 19. Rxc1 Rc8 20. Rxc8+ Qxc8
21. Qb5 Nd7 22. Qc6 Qxc6 23. Nxc6 a6 24. b4 Nf6 25. a4 Kf8 26. g4 b5 27. axb5
axb5 28. Na7 Bxb4 29. Nxb5 Ke7 30. h3 Kd7 31. f3 Ne8 32. Kf2 Nd6 33. Nd4 Nc4
34. Nc2 Bd6 35. Bc1 Bc5+ 36. Ke2 Kc6 37. Kd3 Kd6 38. Nd4 Bxd4 39. Kxd4 f5 40.
h4 g6 41. g5 Kc6 42. Be3 Nxe3 43. Kxe3 Kc5 44. Kd3 d4 45. Kd2 Kc4 46. Kc2 d3+
47. Kd1 Kc3 48. Kc1 d2+ 49. Kd1 Kd3 50. h5 Ke3 51. hxg6 hxg6 0-1

[Event "II Weekend Hotel West End"]
[Site "Alassio ITA"]
[Date "2016.10.01"]
[Round "3"]
[White "Cugini, Verter"]
[Black "Mercandelli, Claudio"]
[WhiteElo "2067"]
[BlackElo "1863"]
[Result "1-0"]
[PlyCount "53"]
[EventDate "2016.09.30"]

1. e4 e6 2. d4 d5 3. Nd2 Be7 4. Ngf3 Nf6 5. Bd3 c5 6. exd5 Nxd5 7. Nb3 cxd4 8.
Nbxd4 Nd7 9. O-O Nc5 10. Bb5+ Bd7 11. c4 Nc7 12. Bxd7+ Nxd7 13. Be3 O-O 14. Qe2
Bf6 15. Rab1 e5 16. Nf5 Ne6 17. Rfd1 Qc7 18. Nd6 Be7 19. Nb5 Qc6 20. Nxa7 Qc7
21. Nb5 Qc6 22. b3 f5 23. Bc1 e4 24. Nfd4 Nxd4 25. Nxd4 Qg6 26. Bf4 Bg5 27.
Bxg5 1-0

[Event "II Weekend Hotel West End"]
[Site "Alassio ITA"]
[Date "2016.10.01"]
[Round "3"]
[White "Delucis, Mauro"]
[Black "Benvenuti, Cristian"]
[WhiteElo "1388"]
[BlackElo "1686"]
[Result "1-0"]
[PlyCount "39"]
[EventDate "2016.09.30"]

1. Nf3 Nf6 2. d4 g6 3. Nc3 Bg7 4. e4 d6 5. Be3 O-O 6. Qd2 c6 7. O-O-O b5 8. Bh6
a5 9. Bd3 a4 10. Bxg7 Kxg7 11. h4 b4 12. Ne2 Qb6 13. h5 Be6 14. hxg6 fxg6 15.
Qh6+ Kg8 16. e5 dxe5 17. Bxg6 Rf7 18. Ng5 Rg7 19. Bxh7+ Nxh7 20. Qxe6+ 1-0

[Event "II Weekend Hotel West End"]
[Site "Alassio ITA"]
[Date "2016.10.01"]
[Round "3"]
[White "Gandolfo, Gianluca"]
[Black "Gardini, Enrico"]
[WhiteElo "1712"]
[BlackElo "1711"]
[Result "0-1"]
[PlyCount "84"]
[EventDate "2016.09.30"]

1. e4 d5 2. exd5 Qxd5 3. Nc3 Qd6 4. h3 Nf6 5. Nf3 c6 6. Bc4 e6 7. d3 Be7 8. O-O
O-O 9. a4 b6 10. Be3 Bb7 11. Qd2 Qd8 12. Rfd1 Nbd7 13. d4 Nd5 14. Ne4 Nxe3 15.
Qxe3 Nf6 16. Bd3 Nd5 17. Qd2 Qc7 18. c3 Nf4 19. Bf1 Rad8 20. g3 Ng6 21. h4 c5
22. Qe3 Qc6 23. Ned2 cxd4 24. cxd4 Bb4 25. Be2 e5 26. Qb3 Bxd2 27. Rxd2 exd4
28. Qd1 Ne5 29. Rd3 Qe4 30. Raa3 Nxd3 31. Qxd3 Rfe8 32. Bd1 Qxd3 33. Rxd3 Ba6
34. Rd2 d3 35. b4 Bb7 36. Kh2 Bxf3 37. Bxf3 Re1 38. a5 g6 39. axb6 axb6 40. b5
f5 41. Kh3 Rde8 42. Bc6 R8e2 0-1

[Event "II Weekend Hotel West End"]
[Site "Alassio ITA"]
[Date "2016.10.01"]
[Round "3"]
[White "Grasso, Gabriele"]
[Black "Gatti, Matteo"]
[WhiteElo "1709"]
[BlackElo "1347"]
[Result "1-0"]
[PlyCount "65"]
[EventDate "2016.09.30"]

1. d4 d5 2. c4 c6 3. Nf3 g6 4. Qb3 Nf6 5. Bf4 Bg7 6. Nc3 O-O 7. e3 Nbd7 8. cxd5
cxd5 9. Nxd5 Qa5+ 10. Nc3 Ne4 11. Bd3 Nxc3 12. Qxc3 Qxc3+ 13. bxc3 Nb6 14. c4
e6 15. O-O Bd7 16. Rab1 Bc6 17. Ne5 Rac8 18. Nxc6 Rxc6 19. c5 Nd5 20. Bd6 Rd8
21. Rxb7 Ra8 22. Rfb1 Rcc8 23. Bc4 Nf6 24. f3 Ne8 25. Bg3 Nf6 26. e4 Nh5 27.
Bf2 Nf4 28. d5 exd5 29. exd5 Rd8 30. c6 Rac8 31. c7 Rd7 32. d6 Be5 33. Rb8 1-0

[Event "II Weekend Hotel West End"]
[Site "Alassio ITA"]
[Date "2016.10.01"]
[Round "3"]
[White "Manfredi, Vincenzo"]
[Black "Traverso, Massimiliano"]
[WhiteElo "2218"]
[BlackElo "1939"]
[Result "1-0"]
[PlyCount "95"]
[EventDate "2016.09.30"]

1. d4 Nf6 2. Nf3 e6 3. Bg5 Be7 4. e3 O-O 5. Bd3 d5 6. Nbd2 c5 7. c3 b6 8. Bxf6
Bxf6 9. h4 h6 10. g4 Be7 11. g5 f5 12. gxh6 g6 13. Ne5 Kh7 14. f4 Bxh4+ 15. Ke2
Bf6 16. Ndf3 Nd7 17. Nxd7 Bxd7 18. Qg1 Qe8 19. Kf2 Qe7 20. Qg3 Rg8 21. Rag1
Rac8 22. a3 Ra8 23. Ng5+ Bxg5 24. fxg5 Rge8 25. Qe5 Rac8 26. Rh4 c4 27. Bc2 Bc6
28. Kf3 Qc7 29. Qg7+ Qxg7 30. hxg7+ Kxg7 31. Rgh1 Rh8 32. Rxh8 Rxh8 33. Rxh8
Kxh8 34. Kf4 Kg7 35. Ke5 Kf7 36. Kd6 Be8 37. Bd1 Bb5 38. Kc7 Ke7 39. Kb7 Kd8
40. Kxa7 Kc7 41. Bc2 Bc6 42. Ka6 Bd7 43. b4 Be8 44. b5 Bd7 45. a4 Be8 46. Ka7
Bd7 47. a5 Bc8 48. axb6+ 1-0